| 000 | 00889cam a22002771a 4500 | ||
|---|---|---|---|
| 001 | 20262 | ||
| 003 | BD-RjUL | ||
| 005 | 20211209000536.0 | ||
| 008 | 140227s1961 enk b 001 0 eng | ||
| 035 | _a(BD-RjUL)20324 | ||
| 035 | _a(OCoLC)341500 | ||
| 040 |
_aDLC _cODaWU _dOCoLC _dIW _dDLC _dBD-RjUL _beng |
||
| 041 | 0 | _aengfre | |
| 082 | 0 | 4 |
_a841.9 _bGIM 1961 |
| 245 | 0 | 0 |
_aModern French poets on poetry : _ban anthology / _carranged and annotated by Robert Gibson. |
| 260 |
_aLondon : _bCambridge [Eng.] University Press, _c1961. |
||
| 300 |
_a291 p. ; _c24 cm. |
||
| 504 | _aIncludes bibliographical references and index. | ||
| 650 | 0 |
_aFrench poetry _xHistory and criticism. _962454 |
|
| 650 | 0 |
_aFrench literature. _962455 |
|
| 650 | 0 |
_aPoetics. _962456 |
|
| 700 | 1 |
_aGibson, Robert, _d1927- _eed. _962457 |
|
| 942 |
_2ddc _cBK |
||
| 999 |
_c20262 _d20262 |
||